Madeleine de Scudéry, Clélie, Histoire romaine. Première partie. 1654, édition critique par Chantal Morlet-Chantalat, Paris, Honoré Champion, « Sources classiques », 2001. Un vol. de 14,5 × 22,5 cm de 529 p. (notice n° 1599774)
[ vue normale ]
| 000 -LEADER | |
|---|---|
| fixed length control field | 00660cam a2200145 4500500 |
| 005 - DATE AND TIME OF LATEST TRANSACTION | |
| control field | 20251228082811.0 |
| 041 ## - LANGUAGE CODE | |
| Language code of text/sound track or separate title | fre |
| 042 ## - AUTHENTICATION CODE | |
| Authentication code | dc |
| 100 10 - MAIN ENTRY--PERSONAL NAME | |
| Personal name | Esmein-Sarrazin, Camille |
| Relator term | author |
| 245 00 - TITLE STATEMENT | |
| Title | Madeleine de Scudéry, Clélie, Histoire romaine. Première partie. 1654, édition critique par Chantal Morlet-Chantalat, Paris, Honoré Champion, « Sources classiques », 2001. Un vol. de 14,5 × 22,5 cm de 529 p. |
| 260 ## - PUBLICATION, DISTRIBUTION, ETC. | |
| Date of publication, distribution, etc. | 2002.<br/> |
| 500 ## - GENERAL NOTE | |
| General note | 13 |
| 786 0# - DATA SOURCE ENTRY | |
| Note | Dix-septième siècle | 216 | 3 | 2002-09-01 | p. 545o-569o | 0012-4273 |
| 856 41 - ELECTRONIC LOCATION AND ACCESS | |
| Uniform Resource Identifier | <a href="https://shs.cairn.info/revue-dix-septieme-siecle-2002-3-page-545o?lang=fr&redirect-ssocas=7080">https://shs.cairn.info/revue-dix-septieme-siecle-2002-3-page-545o?lang=fr&redirect-ssocas=7080</a> |
Pas d'exemplaire disponible.




Réseaux sociaux